La riqueza agrícola y pecuaría en España (Record no. 153065)

MARC details
000 -LEADER
campo de control de longitud fija 00941nam a2200193 i 4500
001 - NÚMERO DE CONTROL
campo de control 153065
003 - IDENTIFICADOR DE NÚMERO DE CONTROL
campo de control ES-MaACL
005 - FECHA Y HORA DE LA ÚLTIMA TRANSACCIÓN
campo de control 20240423141502.0
008 - DATOS DE LONGITUD FIJA--INFORMACIÓN GENERAL
campo de control de longitud fija 931025s1896 sp |||| | spa d
100 1# - ENTRADA PRINCIPAL--NOMBRE DE PERSONA
Nombre de persona Cerrada, Pío.
9 (RLIN) 126421
245 13 - MENCIÓN DEL TÍTULO
Título La riqueza agrícola y pecuaría en España
Resto del título : monografia... al comienzo... 31 de Enero de 1893 segundo de los que en honor del Excmo. Sr. D. Francisco de Borja Queipo de Llano y boyosa... /
Mención de responsabilidad, etc. ... presentado por Pio Cerrada.
260 ## - PUBLICACIÓN, DISTRIBUCIÓN, ETC.
Lugar de publicación, distribución, etc. Madrid :
Nombre del editor, distribuidor, etc. Real Academia de Ciencias Morales y Politicas,
Fecha de publicación, distribución, etc. 1896 (
Fabricante Imp. del Asilo de Huérfanos del Sagrado Corazón)
300 ## - DESCRIPCIÓN FÍSICA
Extensión 189 p. ;
Dimensiones , 27 cm.
710 2# - ENTRADA AGREGADA--NOMBRE DE ENTIDAD CORPORATIVA
9 (RLIN) 222050
Nombre de entidad corporativa o nombre de jurisdicción como elemento de entrada Real Academia de Ciencias Morales y Políticas (España)
752 ## - ENTRADA AGREGADA--NOMBRE JERÁRQUICO DEL LUGAR
País o entidad superior España -
Ciudad Madrid
852 ## - LOCALIZACIÓN
Ubicación ES-MaACL
Número de control de estantería F-M-III-O (IX)
Nota libre -- Enc. pasta española
condición física -- Falto de la cub. original
Nota libre -- Enc. en un vol. facticio
942 ## - ELEMENTOS DE ENTRADA SECUNDARIOS (KOHA)
Fuente del sistema de clasificación o colocación Clasificación decimal universal
Holdings
Estatus retirado Estado de pérdida Estado de daño No para préstamo Colección Biblioteca de origen Biblioteca actual Ubicación en estantería Fecha de adquisición Fuente de adquisición Total de préstamos Signatura topográfica completa Código de barras Visto por última vez Precio de reemplazo Tipo de ítem Koha
        Libros del s. XIX Biblioteca del Ateneo de Madrid Biblioteca del Ateneo de Madrid Administración 17/01/2008     F-M-III-O (IX) 1159914 23/02/2023 23/02/2023 Libro impreso antiguo